| 000 | 00933nas a2200325 4500 | ||
|---|---|---|---|
| 001 | BR0201506 | ||
| 003 | BR-BrBNA | ||
| 005 | 20231205102819.0 | ||
| 007 | ta | ||
| 008 | 230509b bl.|||p| |||| 00| 00por d | ||
| 040 |
_aBR-BrBNA _bpor _cBiblioteca Nacional de Agricultura |
||
| 041 | _a(Pt) | ||
| 072 | _aQ54 | ||
| 100 | 1 | _aAndrade, J.B. de | |
| 100 | 1 | _aFerrari Júnior, E. | |
| 100 | 1 | _aPossenti, R.A. | |
| 100 | 1 | _aLeinz, F.F. | |
| 100 | 1 | _aBianchini, D. | |
| 100 | 1 | _aRodrigues, C.F. de C. | |
| 245 | 1 | _aTratamento químico em forragem de cana-de-açúcar | |
| 650 | _aForragem | ||
| 650 | _aCana de Açúcar | ||
| 650 | _aValor Nutritivo | ||
| 650 | _aDigestibilidade | ||
| 650 | _aUréia | ||
| 650 | _aHidróxido de Sódio | ||
| 773 | 0 |
_tBoletim de Indústria Animal (Brazil) _xISSN 0067-9615 _g(2001), v. 58(2) p. 145-152 _wBR0201506 |
|
| 909 |
_a202311 _bLúcia _c55 _dLúcia Elande |
||
| 942 |
_2AGRIS _n0 _cANA |
||
| 999 |
_c169476 _d169476 |
||